Statistics for Soup by picture

Click here to take the quiz!

General Stats

  • This quiz has been taken 33 times
  • The average score is 3 of 6

Answer Stats

Answer% Correct
Tomato Soup
69%
Pumpkin Soup
62%
Borscht
58%
Chicken Noodle soup
58%
Butternut Squash
42%
Lentil soup
38%

Score Distribution

Percentile by Number Answered

Percent of People with Each Score

Your Score History

You have not taken this quiz